Central Library OPAC University of Rajshahi

The Oxford Law School, 1850-1965 / (Record no. 43805)

MARC details
000 -LEADER
fixed length control field 00692nam a2200229 a 4500
001 - CONTROL NUMBER
control field 43805
003 - CONTROL NUMBER IDENTIFIER
rucl marc code BD-RjUL
005 - DATE AND TIME OF LATEST TRANSACTION
control field 20211209053744.0
008 - FIXED-LENGTH DATA ELEMENTS--GENERAL INFORMATION
fixed length control field 160627s1968 enkaaa 001 0 eng
035 ## - SYSTEM CONTROL NUMBER
System control number (BD-RjUL)43923
040 ## - CATALOGING SOURCE
Original cataloging agency DLC
Transcribing agency DLC
Modifying agency BD-RjUL
Language of cataloging eng
041 ## - LANGUAGE CODE
Language code of text/sound track or separate title eng
082 00 - DEWEY DECIMAL CLASSIFICATION NUMBER
Classification number 340.07114257
Edition number 23
Author mark and year LAO 1968
100 1# - MAIN ENTRY--PERSONAL NAME
Personal name Lawson, F. H.
Fuller form of name (Frederick Henry),
Dates associated with a name 1897-
9 (RLIN) 134641
245 14 - TITLE STATEMENT
Title The Oxford Law School, 1850-1965 /
Statement of responsibility, etc. by F. H. Lawson.
260 ## - PUBLICATION, DISTRIBUTION, ETC. (IMPRINT)
Place of publication, distribution, etc. London :
Name of publisher, distributor, etc. Clarendon P. ,
Date of publication, distribution, etc. c1968.
300 ## - PHYSICAL DESCRIPTION
Pagination xi, 271 p. :
Illustrations ill. ;
Size 23 cm.
490 0# - SERIES STATEMENT
Series statement Clarendon law series
500 ## - GENERAL NOTE
General note Includes index.
610 20 - SUBJECT ADDED ENTRY--CORPORATE NAME
Corporate name or jurisdiction name as entry element University of Oxford.
Subordinate unit Faculty of Law.
942 ## - ADDED ENTRY ELEMENTS (KOHA)
Source of classification or shelving scheme Dewey Decimal Classification
Koha item type Books
Holdings
Lost status Source of classification or shelving scheme Damaged status Not for loan Collection code Permanent Location Current Location Shelving location Date acquired Source of acquisition Total Checkouts Full call number Date last seen Copy number Koha item type
  Dewey Decimal Classification     Non-fiction Central Library, University of Rajshahi Central Library, University of Rajshahi   01/02/1970 Zeitlinger   340.07114257 LAO 1968 27/06/2016 C-2 Books